| 000 | 00738cab a2200229 4500 | ||
|---|---|---|---|
| 001 | WB3506-60 | ||
| 008 | 090401t1999 xxu||||| |||| 00| 0 eng d | ||
| 035 | _a(Sirsi) u91190 | ||
| 041 | _aeng | ||
| 245 | _aCongestion charges in London | ||
| 260 | _c1999 | ||
| 350 | _a0 | ||
| 490 |
_aDETR News Release _v(104) 4 February 1999 (1) |
||
| 520 | _aA study into possible workplace parking and road user charges to tackle congestion in London will be carried out by Halcrow Fox for the Government Office for London (GOL). | ||
| 650 | _aLONDON | ||
| 650 | _aROAD USER CHARGES | ||
| 650 | _aTRAFFIC CONGESTION | ||
| 650 | _aWORKPLACE PARKING CHARGES | ||
| 690 | _aTRANSPORT AND COMMUNICATIONS | ||
| 942 | _n0 | ||
| 948 | _c09/02/1999 | ||
| 999 |
_c57866 _d57866 |
||